ბათუმის შოთა რუსთაველის სახელმწიფო უნივერსიტეტის ბიბლიოთეკა

Проблема Секефальви-Надя в комбинаторной геометрии (ბიბ.ჩანაწერი № 48131)

000 -LEADER
fixed length control field 00686nam a2200205Ia 4500
001 - CONTROL NUMBER
control field 15012
003 - CONTROL NUMBER IDENTIFIER
control field GE_BSU
008 - FIXED-LENGTH DATA ELEMENTS--GENERAL INFORMATION
fixed length control field 181216s||||||||xx |||||||||||||| ||und||
040 ## - CATALOGING SOURCE
Transcribing agency GE_BSU
080 ## - UNIVERSAL DECIMAL CLASSIFICATION NUMBER
Universal Decimal Classification number 514.17+517.54
100 ## - MAIN ENTRY--PERSONAL NAME
Personal name Болтянский,В.Г. Баладзе,э.Д.
245 ## - TITLE STATEMENT
Title Проблема Секефальви-Надя в комбинаторной геометрии
245 ## - TITLE STATEMENT
Statement of responsibility, etc. Ред.Ф.И.Кизнер. Е.Ю.Ходан
260 ## - PUBLICATION, DISTRIBUTION, ETC.
Place of publication, distribution, etc. Москва
260 ## - PUBLICATION, DISTRIBUTION, ETC.
Name of publisher, distributor, etc. Физматлит
260 ## - PUBLICATION, DISTRIBUTION, ETC.
Date of publication, distribution, etc. 1997
300 ## - PHYSICAL DESCRIPTION
Extent 223стр.22см.
653 ## - INDEX TERM--UNCONTROLLED
Uncontrolled term Проблема Секефальви-Надя в комбинаторной геометрии
942 ## - ADDED ENTRY ELEMENTS (KOHA)
Koha item type წიგნი
ეგზემპლარები
Withdrawn status Lost status Damaged status Not for loan Date acquired Barcode Date last seen Price effective from Koha item type
        2018-12-17 15741 2018-12-17 2018-12-17 წიგნი
        2018-12-17 15742 2018-12-17 2018-12-17 წიგნი